000 00694nam a22002055i 4500
001 165639
003 ES-MaACL
005 20250703063544.0
008 010427s1853 sp f |||| | spa d
040 _aCCPB | B
_bspa
_cCCPB | B
100 1 _aSoulié, Frédéric,
_d1800-1847
_9107564
240 1 0 _aSathaniel.
_lCastellano
245 1 0 _aSataniel /
_cnovela por Federico Soulié.
260 _aMadrid :
_b[s.n.],
_c1853 (
_festablecimiento tipográfico de Mellado)
300 _a120 p., [21] h. de grab. ;
_c24 cm.
752 _aEspaña -
_dMadrid
852 _aES-MaACL
_jC-2812 (3)
_z-- Enc. hol.
_z-- Legado M. de la Fuente
942 _2udc
999 _c165639
_d165639